000 00471cam a22001697i 4500
020 _a9690018868 (v. 1)
020 _a9789690025456 (v. 2)
082 _a891.4392
_bAHM
_cN-02,P-100
100 1 _aAḥmad, ʻUmairah,
_92545
245 1 0 _aپیر کامل ﷺ
_cʻUmairah Aḥmad.
260 _a525p.
300 _avolumes <1-2> ;
_c22 cm
500 _aNovel.
526 _a0
_b0
_c0
_d891_439200000000000_AHM
650 _aUrdu Adab
_bUrdu books
_951828
942 _2ddc
_cBK
999 _c554372
_d554372